000 00312nam a22001217a 4500
082 _a891.4391
_bSEL
100 _aSelah-ud-din, Shiekh
245 _aSoz-e-khayal /
_cShiekh Selah-ud-din
260 _aRawalpindi :
_bS.T. Printers,
_c2016.
300 _a136p. ;
_c22 cm.
563 _aHBK.
942 _2ddc
_cBK
999 _c589108
_d589108